| 000 | 01082cam a2200229 4500 | ||
|---|---|---|---|
| 001 | WB4016-10 | ||
| 008 | 040429n2004 000 0 eng u | ||
| 035 | _a(Sirsi) u126060 | ||
| 245 | _aApril house prices up by 2.1% | ||
| 260 | _c2004 | ||
| 490 |
_aNationwide Press Release _v29 April 2004 (4) |
||
| 520 | _aHouse prices rose by a seasonally adjusted 2.1% in April according to the latest "Nationwide monthly review" with the annual rate of house price inflation reaching 18.9%, the highest level since June 2003. The average house price is now £145 918, indicating a price rise of more than £100 per day. The price increase forecast for 2004 is 15%. The review sees the high real debt burden slowing the market over the medium-term. http://www.nationwide.co.uk/hpi/historical/MPR0404 .pdf | ||
| 590 | _aWB | ||
| 590 | _aWB | ||
| 650 | _aNATIONWIDE BUILDING SOCIETY | ||
| 650 | _aHOUSE PRICE SURVEYS | ||
| 650 | _aHOUSING MARKET FORECASTS | ||
| 650 | _aHOUSING MARKET SURVEYS | ||
| 650 | _aHOUSE PRICE INFLATION | ||
| 690 | _aHOUSING-HOUSE PRICES | ||
| 942 | _n0 | ||
| 999 |
_c117273 _d117273 |
||